Loading...
| Religion | 0 | 4 | 0 | 0 | 40 | 67 | 105.00 | 1 | 1 |
| History - Other History | 0 | 3 | 0 | 2 | 30 | 131 | 143.00 | 0 | 0 |
| Mythology | 0 | 3 | 0 | 1 | 30 | 73 | 107.67 | 0 | 1 |
| Fine Arts - Painting & Sculpture | 0 | 3 | 0 | 0 | 30 | 96 | 123.33 | 0 | 0 |
| Fine Arts - Other Fine Arts | 0 | 3 | 0 | 0 | 30 | 116 | 129.00 | 0 | 0 |
| Philosophy | 0 | 4 | 3 | 0 | 25 | 80 | 109.00 | 0 | 1 |
| Social Science | 0 | 3 | 1 | 1 | 25 | 117 | 122.00 | 0 | 0 |
| Literature - World Literature | 0 | 3 | 1 | 1 | 25 | 128 | 138.00 | 0 | 0 |
| Literature - American Literature | 0 | 2 | 0 | 1 | 20 | 78 | 101.50 | 0 | 1 |
| History - European History | 0 | 2 | 0 | 0 | 20 | 21 | 88.00 | 1 | 1 |
| Other Academic | 0 | 2 | 0 | 1 | 20 | 92 | 116.50 | 0 | 1 |
| Science - Other Science | 0 | 1 | 0 | 1 | 10 | 137 | 137.00 | 0 | 0 |
| History - World History | 0 | 2 | 2 | 0 | 10 | 100 | 106.50 | 0 | 1 |
| Fine Arts - Classical Music | 0 | 1 | 0 | 0 | 10 | 138 | 138.00 | 0 | 0 |
| Science - Physics | 0 | 1 | 1 | 0 | 5 | 116 | 116.00 | 0 | 0 |
| History - American History | 0 | 1 | 2 | 0 | 0 | 109 | 109.00 | 0 | 0 |
| Literature - British Literature | 0 | 0 | 1 | 0 | -5 | 0.00 | 0 | 0 | |
| Current Events | 0 | 0 | 1 | 0 | -5 | 0.00 | 0 | 0 | |
| Literature - European Literature | 0 | 0 | 1 | 0 | -5 | 0.00 | 0 | 0 |